000 01275nam a2200277 a 4500
003 OSt
005 20230724140312.0
007 cr ||||||a|c|a
008 230718s2022 mx a|||fom||| 001 0 spa d
040 _erda
100 1 _aEspaña Vasquez, Alma Delia
_9187608
245 1 0 _aAprovechamiento de candelilla (Euphorbia antisiphyllitica Zucc.) en el Ejido Estación Acacio, San Juan de Guadalupe, Dgo. /
_cpor Alma Delia España Vasquez ; director de tesis Alejandro S. Sánchez Vélez.
264 1 _aChapingo, México :
_bEl autor,
_c2022.
300 _a1 recurso en línea (83 páginas):
_bfiguras, cuadros.
336 _2rdacontent
_atexto
_btxt
337 _2rdamedia
_acomputadora
_bc
338 _2rdacarrier
_arecurso en línea
_bcr
502 _bIRF
_cDICIFO
_d2022.
_gLIC
504 _aIncluye referencias bibliográficas: páginas 77-82.
650 4 _938850
_aEuphorbia antisyphilitica
_xAprovecahmiento
650 4 _9187609
_aEuphorbia antisyphilitica
_xConservación
650 4 _9186208
_aEuphorbia antisyphilitica
_xDistribución
700 1 _9107932
_aSánchez Vélez, Alejandro S.
_eDirector de tesis.
856 _uhttp://10.13.5.2/tesis//tl/1310678-3_Espana-Vasquez-Alma_Delia.pdf
_zDESCARGAR PDF
942 _2Clasificación Universidad Autónoma Chapingo
_cTD
999 _c219043
_d219043